| 000 | 00781nam a2200217Ia 4500 | ||
|---|---|---|---|
| 003 | GCL | ||
| 008 | 140319s9999 xx 000 0 ara d | ||
| 020 | _a4456063977 | ||
| 040 |
_aGCL / _cGCL |
||
| 082 | 0 | 4 |
_a212.5 _bم ت |
| 100 | 1 | _aمحمد سعد القزاز | |
| 245 | 1 | 0 |
_aالتربية الوالدية فى مرحلة الطفولة المبكرة / _cمحمد سعد القزاز |
| 260 |
_aالقاهرة : _bدار فرحة للنشر والتوزيع ، _c2005 |
||
| 300 |
_a252 ص ؛ _c24 سم |
||
| 650 | 0 | 4 | _aالاخلاق الاسلامية |
| 650 | 0 | 4 | _aاسماء الاشخاص |
| 650 | 0 | 4 | _aالتربية الاسلامية |
| 650 | 0 | 4 | _aالاطفال - حقوق مدنية |
| 650 | 0 | 4 | _aالاطفال - تربية اسلامية |
| 942 |
_2ddc _cBK |
||
| 999 |
_c8751 _d8751 |
||